| 000 | 01401nam a22002537a 4500 | ||
|---|---|---|---|
| 999 |
_c62424 _d62424 |
||
| 003 | Ge_BSU | ||
| 005 | 20241030154059.0 | ||
| 008 | 241030s2022 ge ||||| |||| 00| 0 geo d | ||
| 020 | _a9789941308611 | ||
| 041 | _ageo | ||
| 080 | _a821.134.8.03=353.1 ბ-86 | ||
| 100 |
_aბორხესი, ხორხე ლუის _923554 |
||
| 245 |
_aფიქციები : _b[მოთხრობები] / _cხორხე ლუის ბორხესი; დოდო ყვავილაშვილის თარგმანი; რედაქტორი ანა ჭაბაშვილი; დიზაინერი ია მახათაძე. |
||
| 264 |
_aთბილისი : _bსულაკაური, _c2022. |
||
| 300 |
_a199 გვ. ; _b20 სმ. |
||
| 490 | _aლიტოდისეა | ||
| 500 | _aყდაზე: რუსლან ბერიძის ილუსტრაცია. | ||
| 653 | _aარგენტინული პროზა | ||
| 653 | _aთარგმანები ქართულ ენაზე. | ||
| 700 |
_aყვავილაშვილი, დოდო _eმთარგმნელი _913765 |
||
| 700 |
_aჭაბაშვილი, ანა _eრედაქტორი. _9995 |
||
| 700 |
_aმახათაძე, ია _eდიზაინერი _95299 |
||
| 942 |
_2udc _cᲬᲘᲒᲜᲘ |
||